000
00237nam a2200109Ia 4500
100
_a
#N/A
942
_c
BK
654
_a
net access
245
_a
PC Essentials Manage your company's Net Access
260
_b
#N/A
_c
2004
546
_a
ENGLISH
999
_c
31499
_d
31499